| 000 | 00000nam##2200000za#4500 |
| 001 | 9.691570 |
| 003 | CaOODSP |
| 005 | 20240703102706 |
| 007 | cr ||||||||||| |
| 008 | 150407|2008||||xxc|||||o f|0| 0 eng|d |
| 040 | |aCaOODSP|beng |
| 043 | |an-cn--- |
| 086 | 1 |aA104-68/2008E-PDF |
| 110 | 2 |aCanadian Food Inspection Agency. |
| 245 | 10|aAction plan for invasive alien terrestrial plants and plant pests |h[electronic resource] |
| 260 | |aOttawa - Ontario : |bCanadian Food Inspection Agency |c2008. |
| 300 | |a1p.|bphotographs |
| 500 | |aThe Catalogue No. (A104-68/2008) and ISBN (978-0-662-05474-0) of the bilingual print edition have been incorrectly copied in the PDF edition. |
| 590 | |a08-45|b2008-11-07 |
| 690 | 07|aPests|2gcpds |
| 690 | 07|aPlants|2gcpds |
| 775 | 08|tPlan d'action pour les plantes terrestres et les phytoravageurs étrangers envahissants |w(CaOODSP)9.635898 |
| 776 | 0#|tAction plan for invasive alien terrestrial plants and plant pests |w(CaOODSP)9.669785 |
| 776 | 0#|tPlan d'action pour les plantes terrestres et les phytoravageurs étrangers envahissants |w(CaOODSP)9.669786 |
| 856 | 40|ahttp://publications.gc.ca|qPDF|s206 KB|uhttps://publications.gc.ca/collections/collection_2008/inspection/A104-68-2008E.pdf |